Normal view
MARC view
- Heil, Christopher. Weir, Maurice D
Entry Corporate Name
001 - CONTROL NUMBER
- control field: 84004
003 - CONTROL NUMBER IDENTIFIER
- control field: NUST
005 - DATE AND TIME OF LATEST TRANSACTION
- control field: 20211112123956.0
008 - FIXED-LENGTH DATA ELEMENTS
- fixed length control field: 211112|| aca||aabn | a|a d
040 ## - CATALOGING SOURCE
- Original cataloging agency: NUST
- Transcribing agency: NUST
110 ## - HEADING--CORPORATE NAME
- Corporate name or jurisdiction name as entry element: Heil, Christopher. Weir, Maurice D
670 ## - SOURCE DATA FOUND
- Source citation: Work cat.: (NUST)586665: Hass, Joel 84003, Thomas Calculus, 2020.
